Southville International School and Colleges
Your cart is empty.
  • Cart
  • Lists
    Public lists Eva Luna New books Lux_list list_1
    Your lists Log in to create your own lists
  • Log in to your account
  • Your cookies
  • Search history
Southville International School and Colleges
  • Advanced search
  • Recent comments
  • Most popular
  • Libraries

Log in to your account

Log in with GOOGLE


If you do not have an external account, but do have a local account, you can still log in:

  1. Home
  2. MARC view: Anna and the king.
Normal view MARC view ISBD view

Anna and the king. (Record no. 109258)

[ view plain ]
MARC details
000 -LEADER
fixed length control field 00987nam a2200193 a 4500
005 - DATE AND TIME OF LATEST TRANSACTION
control field 20140414093840.0
008 - FIXED-LENGTH DATA ELEMENTS--GENERAL INFORMATION
fixed length control field 071002s19uu xx 00 eng d
050 ## - LIBRARY OF CONGRESS CALL NUMBER
Classification number DVD 971.43
Item number ANN 2006
245 ## - TITLE STATEMENT
Title Anna and the king.
260 ## - PUBLICATION, DISTRIBUTION, ETC. (IMPRINT)
Place of publication, distribution, etc Sl :
Name of publisher, distributor, etc 20th. Century Fox,
Date of publication, distribution, etc c2002.
300 ## - PHYSICAL DESCRIPTION
Extent 1 videodisk (142.04 min.)
500 ## - GENERAL NOTE
General note [Other title: The King and I]
520 ## - SUMMARY, ETC.
Summary, etc The Epic retelling of a classic true -life story, whan an English school teacher Anna Leonowens, arrives in the exotic town of Siam to teach the children of King Mongkut, her Westen sensibilities clash with the Ruler's Eastern ways. the tension builds as the Monkut learns that the outside forces are conspiring against his regime. With, the political intrigue set to explode, Anna and the King must becopme allies in daring fight to save Siam from the dangerous enemies bent on destruction.
650 ## - SUBJECT ADDED ENTRY--TOPICAL TERM
Topical term or geographic name as entry element Film adaptation.
650 ## - SUBJECT ADDED ENTRY--TOPICAL TERM
Topical term or geographic name as entry element Film.
650 ## - SUBJECT ADDED ENTRY--TOPICAL TERM
Topical term or geographic name as entry element Motion pictures.
942 ## - ADDED ENTRY ELEMENTS (KOHA)
Koha item type Audio Visual Materials
Holdings
Withdrawn status Lost status Damaged status Use restrictions Home library Current library Shelving location Date acquired Source of acquisition Total Checkouts Full call number Barcode Date last seen Date checked out Price effective from Koha item type
        Luxembourg Library Luxembourg Library Audio Visual Material Section 10/02/2007   1 DVD 971.43 ANN 2006 AV0892 06/20/2016 06/18/2016 04/14/2014 Audio Visual Materials

Anna and the king.

APA

(2002). Anna and the king. Sl: 20th. Century Fox.

Chicago

2002. Anna and the king. Sl: 20th. Century Fox.

Harvard

(2002). Anna and the king. Sl: 20th. Century Fox.

MLA

Anna and the king. Sl: 20th. Century Fox. 2002.

  • Place hold
  • Print
  • Cite
  • Add to your cart (remove)
  • Save record
    BIBTEX Dublin Core MARCXML MARC (non-Unicode/MARC-8) MARC (Unicode/UTF-8) MARC (Unicode/UTF-8, Standard) MODS (XML) RIS
  • More searches
    Search for this title in:
    Other Libraries (WorldCat) Other Databases (Google Scholar) Online Stores (Bookfinder.com) Open Library (openlibrary.org)

Exporting to Dublin Core...

SOUTHVILLE LIBRARY

Southville International School and Colleges Library

1281 Tropical Ave. Cor. Luxembourg St., BF Homes International, Las Pinas City

Tel. No. 8256374 / 252358 Loc. 117/146

Powered by Koha